[Event "Let's Play Chess!"]
[Site "http://www.queenalice.com/game.php?id=1780113"]
[Date "2022.1.12"]
[Round "-"]
[White "Pagano"]
[Black "Charles56"]
[Result "1-0"]
[WhiteElo "2129"]
[BlackElo "1500"]

1. e4 e5 2. f4 exf4 3. Nf3 h6 4. Bc4 Bb4 5. c3 Ba5 6. Ne5 Qh4+ 7. Kf1 Qf6 8.
Bxf7+ Ke7 9. Qh5 Rh7 10. Bxg8 g6 11. Nxg6+ 1-0

[Event "AUTO-OPEN-4340"]
[Site "http://www.queenalice.com/game.php?id=1780203"]
[Date "2022.1.13"]
[Round "1"]
[White "Castling"]
[Black "Pagano"]
[Result "0-1"]
[WhiteElo "1727"]
[BlackElo "2132"]

1. e4 a6 2. Bc4 e6 3. Nf3 b5 4. Be2 Bb7 5. d3 c5 6. a3 Nc6 7. Be3 d5 8. Nbd2 Qc7
9. Nb3 dxe4 10. Nfd2 exd3 11. Bxd3 c4 12. Nxc4 bxc4 13. Bxc4 Rd8 14. Qe2 Nf6 15.
h3 Bd6 16. O-O-O O-O 17. Bg5 Bf4+ 18. Bxf4 Qxf4+ 19. Kb1 Ne5 20. g3 Qxc4 21.
Qxe5 Bxh1 22. Rxh1 Rd5 23. Qe1 Rfd8 24. Qb4 Qxb4 25. axb4 Rd1+ 26. Rxd1 Rxd1+
27. Ka2 Ne4 0-1

[Event "AUTO-OPEN-4340"]
[Site "http://www.queenalice.com/game.php?id=1780225"]
[Date "2022.1.13"]
[Round "1"]
[White "MackMendes"]
[Black "Pagano"]
[Result "1-0"]
[WhiteElo "2319"]
[BlackElo "2133"]

1. d4 d5 2. c4 c6 3. Nc3 Nf6 4. Bg5 e6 5. c5 b6 6. b4 Ba6 7. b5 cxb5 8. e3 bxc5
9. Bxf6 gxf6 10. dxc5 Bxc5 11. a3 Qa5 12. Ne2 Bxa3 13. f3 b4 14. Nb1 Bxe2 15.
Bxe2 Qc5 16. Qa4+ Nc6 17. Nxa3 bxa3 18. Kf2 Kd7 19. Rhc1 Qd6 20. Bb5 1-0

[Event "AUTO-OPEN-4340"]
[Site "http://www.queenalice.com/game.php?id=1780226"]
[Date "2022.1.13"]
[Round "1"]
[White "Pagano"]
[Black "MackMendes"]
[Result "0-1"]
[WhiteElo "2127"]
[BlackElo "2325"]

1. e4 c5 2. Nf3 g6 3. d4 cxd4 4. Qxd4 Nf6 5. e5 Nc6 6. Qa4 Nd5 7. Qe4 e6 8. Bg5
Nce7 9. Bc4 Qa5+ 10. Nbd2 Bg7 11. O-O O-O 12. Bxd5 Nxd5 13. Nc4 Qa4 14. Nd6 Qxe4
15. Nxe4 b5 16. a4 b4 17. c4 bxc3 18. bxc3 Ba6 19. Rfe1 Rfc8 20. Rac1 Rab8 21.
c4 Rxc4 22. Rxc4 Bxc4 23. Nc5 Rb4 0-1

[Event "AUTO-OPEN-3980"]
[Site "http://www.queenalice.com/game.php?id=1785250"]
[Date "2022.3.20"]
[Round "2"]
[White "Pagano"]
[Black "bonow"]
[Result "1/2-1/2"]
[WhiteElo "2134"]
[BlackElo "2297"]

1. e4 c5 2. Nf3 Nc6 3. c3 e5 4. d4 cxd4 5. cxd4 d6 6. d5 Nce7 7. Nc3 Nf6 8. Bg5
Ng6 9. Bb5+ Bd7 10. Bxd7+ Qxd7 11. Bxf6 gxf6 12. Qd2 Bg7 13. h4 f5 14. h5 fxe4
15. Nxe4 f5 16. hxg6 hxg6 17. Rxh8+ Bxh8 18. Qh6 O-O-O 19. Nc3 Rg8 20. Ng5 Qg7
21. Qxg7 Bxg7 22. Nb5 e4 23. Rc1+ Kb8 24. Nxd6 Be5 25. Nc4 Bf4 26. Rc2 Bxg5 27.
d6 Kc8 28. Nb6+ Kb8 29. Nd7+ Ka8 30. Ne5 Kb8 31. d7 Bf6 32. Nxg6 Rd8 33. Rd2
1/2-1/2

[Event "AUTO-OPEN-3980"]
[Site "http://www.queenalice.com/game.php?id=1785251"]
[Date "2022.3.20"]
[Round "2"]
[White "bonow"]
[Black "Pagano"]
[Result "1/2-1/2"]
[WhiteElo "2292"]
[BlackElo "2139"]

1. e4 c6 2. d4 d5 3. e5 Bf5 4. Nc3 e6 5. Nf3 c5 6. Bb5+ Nd7 7. O-O a6 8. Bxd7+
Qxd7 9. Be3 c4 10. b3 b5 11. h3 Bb4 12. Ne2 Ne7 13. Bd2 Bxd2 14. Qxd2 Qc7 15. a4
cxb3 16. cxb3 bxa4 17. Rfc1 Qb6 18. Rxa4 O-O 19. Qb4 Qxb4 20. Rxb4 Rfc8 21. Rb7
Rxc1+ 22. Nxc1 Rc8 23. Ne2 Nc6 24. Ne1 h6 25. g4 Bg6 26. Kg2 Kf8 27. f3 Rb8 28.
Rxb8+ Nxb8 29. Kf2 Nc6 30. Ke3 Ke7 31. h4 a5 32. h5 Bh7 33. f4 Nb4 34. Kd2 Kd7
1/2-1/2

[Event "AUTO-MASTER-3104"]
[Site "http://www.queenalice.com/game.php?id=1787562"]
[Date "2022.4.24"]
[Round "1"]
[White "Pagano"]
[Black "mvson33"]
[Result "1-0"]
[WhiteElo "2121"]
[BlackElo "1888"]

1. e4 c5 2. Nf3 Nc6 3. c3 d6 4. d4 cxd4 5. cxd4 Nf6 6. Nc3 g6 7. Bb5 Bg7 8. d5
a6 9. Qa4 Bd7 10. dxc6 axb5 11. cxd7+ 1-0

[Event "AUTO-MASTER-3104"]
[Site "http://www.queenalice.com/game.php?id=1787563"]
[Date "2022.4.24"]
[Round "1"]
[White "mvson33"]
[Black "Pagano"]
[Result "0-1"]
[WhiteElo "1978"]
[BlackElo "2124"]

1. e4 c6 2. d4 d5 3. exd5 cxd5 4. Nf3 Bg4 5. Be2 e6 6. O-O Nf6 7. Bg5 Nbd7 8. c3
Bd6 9. Nbd2 Qc7 10. Qc2 Bxf3 11. Nxf3 a6 12. Rac1 b5 13. Bd3 Rc8 14. Qd2 h6 15.
Be3 Ng4 16. h3 Nxe3 17. fxe3 Nf6 18. Qe2 O-O 19. Nd2 e5 20. Bc2 Rfe8 21. dxe5
Bxe5 22. Nf3 Bg3 23. Nd4 Qd7 24. Qf3 Bd6 25. Nf5 Bc5 26. Nd4 Ne4 27. Bxe4 Rxe4
28. Rce1 Rce8 29. Qf2 b4 30. Nc2 bxc3 31. bxc3 Rc4 32. Qd2 Qc6 33. Nd4 Qb6 34.
Rb1 Qa7 35. Qd3 Re4 36. Rfe1 Qe7 37. Re2 Qg5 38. Nf3 Rxe3 39. Rxe3 Qxe3+ 40.
Qxe3 Bxe3+ 41. Kf1 Rxc3 42. Ke2 d4 43. Rb2 f5 44. g3 Ra3 45. Ne5 Bc1 46. Rc2
Rxg3 47. Rxc1 Re3+ 48. Kd2 Rxe5 49. Kd3 Rd5 50. Rc4 Kf7 51. Rxd4 Ke6 52. Rxd5
Kxd5 53. Ke3 g5 54. Kd3 f4 55. Ke2 Ke4 56. Kf2 a5 57. Ke2 a4 58. Kf2 f3 59. Kf1
Ke3 60. Ke1 f2+ 61. Kf1 a3 62. h4 gxh4 63. Kg2 Ke2 64. Kh2 Kf3 65. Kh3 f1=Q+ 66.
Kxh4 Qg2 67. Kh5 Qg5# 0-1

[Event "AUTO-MASTER-3104"]
[Site "http://www.queenalice.com/game.php?id=1787564"]
[Date "2022.4.24"]
[Round "1"]
[White "Pagano"]
[Black "o3bor52"]
[Result "1-0"]
[WhiteElo "2132"]
[BlackElo "1947"]

1. e4 f6 2. d4 c6 3. Bd3 Kf7 4. f4 Ke6 5. Nc3 Kd6 6. Nf3 Kc7 7. e5 Qe8 8. f5 b5
9. d5 Bb7 10. dxc6 Bxc6 11. Bf4 d6 12. e6 a6 13. O-O g5 14. Bg3 h5 15. h4 g4 16.
Nd4 Bb7 17. b4 Nc6 18. Nxc6 Bxc6 19. a4 Bg7 20. axb5 Bb7 21. bxa6 Bc8 22. Bb5
Qf8 23. Qd5 Kb8 24. Qxa8+ Kc7 25. a7 1-0

[Event "AUTO-MASTER-3104"]
[Site "http://www.queenalice.com/game.php?id=1787565"]
[Date "2022.4.24"]
[Round "1"]
[White "o3bor52"]
[Black "Pagano"]
[Result "1/2-1/2"]
[WhiteElo "1984"]
[BlackElo "2139"]

1. e4 c6 2. d4 d5 3. exd5 cxd5 4. h3 g6 5. Be3 Bg7 6. c3 Nc6 7. Bd3 Nf6 8. Nf3
O-O 9. Nbd2 a6 10. a3 Re8 11. O-O Qc7 12. Re1 b5 13. b4 Bb7 14. Nb3 Nd7 15. Rc1
e5 16. dxe5 Ncxe5 17. Nxe5 Nxe5 18. Bf4 Qc6 19. Nd4 Nxd3 20. Qxd3 Qc4 21. Rxe8+
Rxe8 22. Qd2 Qc8 23. Bh6 Bh8 24. Be3 h5 25. Kf1 Qc7 26. Kg1 Kh7 27. Ne2 Qc4 28.
Kf1 Bc8 29. Ke1 Qb3 30. Bd4 Qxa3 31. Bxh8 Kxh8 32. Kf1 Qb3 33. Nd4 Qc4+ 34. Kg1
Kg7 35. f3 Qc7 36. Re1 Rxe1+ 37. Qxe1 Qd6 38. Qh4 Qf6 39. Qxf6+ Kxf6 40. Kh2 Bd7
41. g3 Ke5 42. h4 f5 43. Kg2 f4 44. Kf2 fxg3+ 45. Kxg3 Kf6 46. f4 Ke7 47. Kf3
Kd6 48. Ke3 Kc7 1/2-1/2

[Event "AUTO-MASTER-3104"]
[Site "http://www.queenalice.com/game.php?id=1787566"]
[Date "2022.4.24"]
[Round "1"]
[White "Pagano"]
[Black "cerenzo72"]
[Result "1-0"]
[WhiteElo "2113"]
[BlackElo "2090"]

1. e4 e5 2. f4 d5 3. exd5 e4 4. Nc3 Nf6 5. Bc4 Bb4 6. Nge2 Bg4 7. h3 Bxe2 8.
Qxe2 O-O 9. O-O Bxc3 10. dxc3 Re8 11. Be3 Nxd5 12. Rad1 c6 13. Qg4 f5 14. Qg3
Re7 15. Qg5 Qd7 16. Bxd5+ cxd5 17. Rxd5 Qxd5 18. Qxe7 Qd7 19. Qxd7 Nxd7 20. Rd1
Nf6 21. c4 Kf7 22. b4 Ke6 23. a4 b6 24. c5 bxc5 25. Bxc5 Nd5 26. g3 h6 27. c4
Nf6 28. Rd6+ Kf7 29. Kf2 g5 30. Ke3 gxf4+ 31. Kxf4 Kg6 32. Bd4 Rf8 33. Ra6 Rf7
34. g4 fxg4 35. hxg4 Kg7 36. Kf5 1-0

[Event "AUTO-MASTER-3104"]
[Site "http://www.queenalice.com/game.php?id=1787567"]
[Date "2022.4.24"]
[Round "1"]
[White "cerenzo72"]
[Black "Pagano"]
[Result "1-0"]
[WhiteElo "2102"]
[BlackElo "2126"]

1. e4 c6 2. d4 d5 3. exd5 cxd5 4. Bd3 Nc6 5. c3 Nf6 6. Bf4 Bg4 7. f3 Bd7 8. Ne2
e6 9. O-O Be7 10. Nd2 a6 11. c4 dxc4 12. Nxc4 b5 13. Nd6+ Bxd6 14. Bxd6 Nd5 15.
Qd2 Qb6 16. Bc5 Qc7 17. Nc3 Nxc3 18. bxc3 h6 19. Rfe1 Ne7 20. f4 Nd5 21. f5
O-O-O 22. fxe6 Bxe6 23. c4 Nf4 24. cxb5 axb5 25. Bxb5 Kb8 26. Ba4 Nd5 27. Rab1+
Ka8 28. Rec1 Bd7 29. Bxd7 Rxd7 30. Bb6 Nxb6 31. Rxc7 1-0

[Event "Challenge"]
[Site "http://www.queenalice.com/game.php?id=1789115"]
[Date "2022.5.18"]
[Round "-"]
[White "ROYANDROLL"]
[Black "Pagano"]
[Result "0-1"]
[WhiteElo "1540"]
[BlackElo "2138"]

1. e4 a6 2. e5 e6 3. d4 b5 4. h4 Bb7 5. f3 c5 6. c3 Qc7 7. Qc2 cxd4 8. f4 dxc3
9. bxc3 Ne7 10. Ba3 Nbc6 11. Bc5 Nd5 12. Bxf8 Rxf8 13. Qxh7 Nxf4 14. Qxg7 Nxe5
15. Qg3 Nf3+ 16. Nxf3 Nd3+ 17. Bxd3 Qxg3+ 18. Kf1 Bxf3 19. Rh3 Bxg2+ 20. Ke2
Bxh3 21. Nd2 Qg2+ 22. Ke3 f5 23. Nf3 f4+ 24. Ke4 Bg4 25. Rf1 Bf5+ 26. Kd4 Bxd3
27. Rg1 Qxf3 28. h5 Qd5# 0-1

[Event "Challenge"]
[Site "http://www.queenalice.com/game.php?id=1796755"]
[Date "2022.9.23"]
[Round "-"]
[White "Pagano"]
[Black "JORAM2205"]
[Result "0-1"]
[WhiteElo "2144"]
[BlackElo "2207"]

1. e4 e6 2. d4 d5 3. exd5 exd5 4. Bd3 Bd6 5. Qe2+ Ne7 6. Nf3 O-O 7. Be3 Nbc6 8.
c3 Nf5 9. Bxf5 Bxf5 10. Nbd2 a6 11. h3 Qf6 12. g4 Bc2 13. g5 Qf5 14. Nh4 Qe6 15.
Nhf3 Ba4 16. Nb3 Qf5 17. Nh4 Qe4 18. Nf3 f6 19. Rg1 Qf5 20. O-O-O Bb5 21. Nh4
Bxe2 0-1

[Event "Challenge"]
[Site "http://www.queenalice.com/game.php?id=1797005"]
[Date "2022.9.28"]
[Round "-"]
[White "JJerzy"]
[Black "Pagano"]
[Result "1-0"]
[WhiteElo "2091"]
[BlackElo "2134"]

1. d4 d5 2. Nf3 Nf6 3. e3 e6 4. c4 c6 5. Nc3 Be7 6. Bd3 dxc4 7. Bxc4 O-O 8. O-O
Nbd7 9. e4 a6 10. d5 Nb6 11. Bb3 exd5 12. exd5 Nbxd5 13. Nxd5 Nxd5 14. Bxd5 Qxd5
15. Qxd5 cxd5 16. Rd1 Rd8 17. h3 Bf5 18. Bg5 Bxg5 19. Nxg5 Rac8 20. Nf3 Rd7 21.
Nd4 Bg6 22. Rac1 Rdc7 23. Rxc7 Rxc7 24. Kf1 1-0

[Event "Challenge"]
[Site "http://www.queenalice.com/game.php?id=1797006"]
[Date "2022.9.28"]
[Round "-"]
[White "Pagano"]
[Black "JJerzy"]
[Result "0-1"]
[WhiteElo "2134"]
[BlackElo "2119"]

1. e4 c5 2. Nf3 d6 3. c3 Nf6 4. Bc4 e6 5. Qe2 Be7 6. d4 O-O 7. O-O d5 8. exd5
exd5 9. Bb3 Bg4 10. h3 Bxf3 11. Qxf3 c4 12. Bc2 Re8 13. Nd2 Nbd7 14. b3 b5 15.
a4 a6 16. bxc4 bxc4 17. Ba3 Rb8 18. Bxe7 Rxe7 19. g4 Nf8 0-1

[Event "AUTO-MASTER-3104"]
[Site "http://www.queenalice.com/game.php?id=1797197"]
[Date "2022.9.30"]
[Round "2"]
[White "Holanda76"]
[Black "Pagano"]
[Result "1-0"]
[WhiteElo "2443"]
[BlackElo "2134"]

1. d4 d5 2. c4 c6 3. Nf3 Nf6 4. e3 e6 5. Bd3 dxc4 6. Bxc4 Be7 7. O-O Nbd7 8. Qe2
O-O 9. e4 b5 10. Bd3 Qb6 11. e5 Ne8 12. a4 Nc7 13. a5 Qb8 14. Bg5 1-0

[Event "AUTO-MASTER-3104"]
[Site "http://www.queenalice.com/game.php?id=1797198"]
[Date "2022.9.30"]
[Round "2"]
[White "Pagano"]
[Black "Holanda76"]
[Result "0-1"]
[WhiteElo "2131"]
[BlackElo "2445"]

1. e4 c5 2. Nf3 d6 3. c3 Nf6 4. Bc4 Nc6 5. Qe2 Bg4 6. d3 e6 7. O-O Be7 8. Bg5 h6
9. Bh4 g5 10. Bg3 h5 11. h3 h4 12. Bh2 Bh5 13. Qe3 g4 14. Nxh4 gxh3 0-1

[Event "AUTO-MASTER-3104"]
[Site "http://www.queenalice.com/game.php?id=1797203"]
[Date "2022.9.30"]
[Round "2"]
[White "Pagano"]
[Black "cerenzo72"]
[Result "0-1"]
[WhiteElo "2088"]
[BlackElo "2166"]

1. f4 d5 2. Nf3 g6 3. e3 Bg7 4. c4 c6 5. Bd3 Nd7 6. cxd5 cxd5 7. Nc3 Ngf6 8. b4
O-O 9. Bb2 e6 10. O-O a6 11. Qc2 Nb6 12. Ne5 Nh5 13. Ne2 Qe7 14. Rab1 f6 15.
Nxg6 hxg6 16. Bxg6 Nxf4 17. Rxf4 f5 18. Bxg7 Qxg7 19. Bh5 e5 20. Rf3 Qf6 21.
Rbf1 Nc4 22. d3 Nd6 0-1

[Event "AUTO-MASTER-3104"]
[Site "http://www.queenalice.com/game.php?id=1797204"]
[Date "2022.9.30"]
[Round "2"]
[White "cerenzo72"]
[Black "Pagano"]
[Result "1-0"]
[WhiteElo "2156"]
[BlackElo "2101"]

1. e4 e5 2. Nf3 Qe7 3. Nc3 c6 4. Bc4 d6 5. h3 g6 6. O-O Bg7 7. d4 Nd7 8. dxe5
dxe5 9. Ng5 Nh6 10. Qf3 O-O 11. Qg3 Nf6 12. Nf3 b5 13. Bb3 b4 14. Qh4 bxc3 15.
Bxh6 Bxh6 16. Qxh6 Nxe4 17. Rfe1 cxb2 18. Rab1 Nf6 19. Nxe5 Qc7 20. Rxb2 Be6 21.
Bxe6 fxe6 22. Nf3 Rfe8 23. Reb1 Rab8 24. Nd4 1-0

[Event "AUTO-MASTER-3104"]
[Site "http://www.queenalice.com/game.php?id=1797205"]
[Date "2022.9.30"]
[Round "2"]
[White "Pagano"]
[Black "rmvwoods"]
[Result "0-1"]
[WhiteElo "2114"]
[BlackElo "2087"]

1. e4 d6 2. d4 Nf6 3. Nc3 c6 4. Bc4 Qa5 5. Bd2 Nbd7 6. f4 e5 7. fxe5 dxe5 8. d5
Bb4 9. dxc6 bxc6 10. Nf3 O-O 11. O-O Bb7 12. Kh1 Bxc3 13. Bxc3 Qc7 14. Qe2 c5
15. Ng5 h6 16. h4 hxg5 17. hxg5 Nxe4 18. Qg4 Nxc3 19. Rxf7 Bd5 20. Rxd7 Qc8 21.
bxc3 Bxc4 22. Qxc4+ Kh7 23. Rad1 Kg6 24. Qe6+ Kh5 0-1

[Event "AUTO-MASTER-3104"]
[Site "http://www.queenalice.com/game.php?id=1797206"]
[Date "2022.9.30"]
[Round "2"]
[White "rmvwoods"]
[Black "Pagano"]
[Result "1-0"]
[WhiteElo "2069"]
[BlackElo "2128"]

1. d4 d5 2. c4 c6 3. Nf3 Nf6 4. Nc3 e6 5. Bg5 Be7 6. e3 O-O 7. Rc1 Nbd7 8. Bd3
dxc4 9. Bxc4 a6 10. O-O Qc7 11. Bf4 Qd8 12. Qc2 Nd5 13. Nxd5 exd5 14. Bd3 Nf6
15. Be5 Bg4 16. Ng5 h6 17. Bxf6 Bxf6 18. Nh7 Re8 19. Nxf6+ Qxf6 20. h3 Be6 21.
b3 Re7 22. Rce1 Rae8 23. Qe2 Qg5 24. Qf3 f5 25. Be2 Bf7 26. g4 Be6 27. Qf4 1-0